000 00369cam a22001337a 4500
008 180718b1986 xxu||||| |||| 00| 0 eng d
020 _a0852294379
082 _aA31 En19/86 R
245 _aBritannica Book of the Year, 1986
260 _aChicago
_bEncyclopaedia Britannica
_c1986
300 _a928p.
650 _aYearbook
700 _aBritannica Book of the Year,19864
999 _c436769
_d436769